| 000 | 00750cam a22002411 4500 | ||
|---|---|---|---|
| 001 | f 18000687 | ||
| 003 | DLC | ||
| 005 | 20260227111248.0 | ||
| 008 | 931103s1918 dcu 000 0 eng c | ||
| 010 | _af 18000687 | ||
| 035 | _a(OCoLC)29238360 | ||
| 040 |
_aLibrary, U. S.Bur. of Fisheries _cNcD _dDLC |
||
| 042 | _apremarc | ||
| 050 | 0 | 0 |
_aSH11 _b.A2 no. 37 |
| 100 | 1 |
_aKendall, William Converse, _d1861- |
|
| 245 | 1 | 0 | _aHow the angler may preserve his catch. |
| 260 |
_a[Washington, _bGovt. print. off., _c1918] |
||
| 300 |
_a7 p. _c24 cm. |
||
| 490 | 0 |
_aU. S. Bureau of fisheries. Economic circular _vno. 37 |
|
| 500 | _aCaption title. | ||
| 500 | _aAt head of title: Department of commerce. | ||
| 650 | 0 |
_aFishery products _xPreservation. |
|
| 999 |
_c23241 _d23241 |
||